| 000 | 01198 a2200289 4500 | ||
|---|---|---|---|
| 003 | OSt | ||
| 005 | 20180116192324.0 | ||
| 008 | 120207t xxu||||| |||| 00| 0 eng d | ||
| 010 | _a 2009004203 | ||
| 020 | _a9780470399118 (pbk.) | ||
| 020 | _a0470399112 (pbk.) | ||
| 035 | _a(OCoLC)ocn302414604 | ||
| 040 | _c0 | ||
| 082 | 0 | 0 | _a720.284 |
| 100 | 1 |
_aChing, Frank, _94321 |
|
| 245 | 1 | 0 |
_aArchitectural graphics / _cFrancis D.K. Ching. |
| 250 | _a5th ed. | ||
| 260 |
_aHoboken, N.J. : _bJohn Wiley & Sons, _c2009. |
||
| 300 |
_avi, 250 p. : _bill. ; _c28 cm. |
||
| 500 | _aIncludes index. | ||
| 505 | 0 | _aPreface -- Drawing tools and materials -- Architectural drafting -- Architectural drawing systems -- Multiview drawings -- Paraline drawings -- Perspective drawings -- Rendering tonal values -- Rendering context -- Architectural presentations -- Freehand drawing -- Index. | |
| 650 | 0 |
_aArchitectural drawing. _94322 |
|
| 942 |
_aSADA _cBK _k720.284 CHI 2009 _2ddc |
||
| 999 |
_c352145 _d352145 |
||